[Event "SRB-chT Premier"]
[Site "Bajina Basta"]
[Date "2023.09.27"]
[Round "10.3"]
[White "Lazic, Miroljub"]
[Black "Cuzovic, Ognjen"]
[Result "1/2-1/2"]
[WhiteElo "2298"]
[BlackElo "1977"]
[PlyCount "96"]
[EventDate "2023.09.18"]
[EventType "team-tourn"]
[EventRounds "11"]
[EventCountry "SRB"]
[SourceTitle "EXT 2024"]
[Source "ChessBase"]
[SourceDate "2023.10.10"]
[SourceVersion "1"]
[SourceVersionDate "2023.10.10"]
[SourceQuality "1"]
[WhiteTeam "Ruma Sloven"]
[BlackTeam "Petrovaradin Kraljica"]
[WhiteTeamCountry "SRB"]
[BlackTeamCountry "SRB"]

1. Nf3 d5 2. b3 Bf5 3. Bb2 e6 4. g3 Nf6 5. Bg2 Be7 6. d3 h6 7. Nbd2 0-0 8. 0-0 Bh7 9. c4 c5 10. cxd5 exd5 11. Rc1 Nbd7 12. Re1 Rc8 13. e4 d4 14. b4 b6 15. bxc5 bxc5 16. Nc4 Ne8 17. Ba3 Nd6 18. Nxd6 Bxd6 19. Nxd4 Qa5 20. Nc2 Be5 21. d4 Bxd4 22. Nxd4 Qxa3 23. Nb5 Qa6 24. Qxd7 Rfd8 25. Qxa7 Qxb5 26. a4 Qb4 27. e5 c4 28. a5 c3 29. Qb6 Qxb6 30. axb6 c2 31. b7 Rb8 32. Bf3 Kf8 33. Ra1 Ke7 34. Rec1 Kd7 35. Bg4+ Kc6 36. Bc8 Kb5 37. Kf1 Kb4 38. Ke2 Rbxc8 39. bxc8Q Rxc8 40. Ra7 Kc3 41. Rxf7 Bd3+ 42. Ke3 g6 43. e6 Rc6 44. Rf6 Bf5 45. e7 Rxf6 46. e8Q Re6+ 47. Qxe6 Bxe6 48. f3 h5 1/2-1/2

[Event "Arandjelovac op 2nd"]
[Site "Arandjelovac"]
[Date "2023.08.01"]
[Round "3"]
[White "Akshit, Kumar J"]
[Black "Lazic, Miroljub"]
[Result "1-0"]
[WhiteElo "2169"]
[BlackElo "2320"]
[PlyCount "81"]
[EventDate "2023.07.31"]
[EventType "swiss"]
[EventRounds "9"]
[EventCountry "SRB"]
[SourceTitle "CBM 215 Extra"]
[Source "ChessBase"]
[SourceDate "2023.09.30"]
[SourceVersion "1"]
[SourceVersionDate "2023.09.30"]
[SourceQuality "1"]

1. e4 d5 2. exd5 Qxd5 3. Nc3 Qd8 4. d4 Nf6 5. Nf3 c6 6. Bc4 b5 7. Bb3 e6 8. 0-0 Nbd7 9. Bg5 Be7 10. Re1 0-0 11. Qe2 b4 12. Na4 Nb6 13. Ne5 Bd7 14. Rad1 Nxa4 15. Bxa4 Rc8 16. c4 bxc3 17. bxc3 Nd5 18. Bd2 Be8 19. c4 Nf6 20. Bg5 h6 21. Bc1 c5 22. dxc5 Qa5 23. Bc2 Bxc5 24. Rd3 Bb4 25. Red1 Bc3 26. Rxc3 Qxc3 27. Bb2 Qa5 28. Qd3 Ba4 29. Qa3 Bxc2 30. Qxa5 Bxd1 31. f3 Be2 32. Ba3 Rfd8 33. Qxa7 Bxc4 34. Qxf7+ Kh8 35. Bf8 Rxf8 36. Ng6+ Kh7 37. Nxf8+ Kh8 38. Ng6+ Kh7 39. a3 Rb8 40. Ne5 Bd5 41. g4 1-0

[Event "Arandjelovac op 1st"]
[Site "Arandjelovac"]
[Date "2023.03.21"]
[Round "8"]
[White "Lazic, Miroljub"]
[Black "Tarhan, Adar"]
[Result "1-0"]
[WhiteElo "2305"]
[BlackElo "2328"]
[PlyCount "103"]
[EventDate "2023.03.15"]
[EventType "swiss"]
[EventRounds "9"]
[EventCountry "SRB"]
[SourceTitle "CBM 213 Extra"]
[Source "ChessBase"]
[SourceDate "2023.05.31"]
[SourceVersion "1"]
[SourceVersionDate "2023.05.31"]
[SourceQuality "1"]

1. Nf3 d5 2. b3 Nf6 3. Bb2 c6 4. g3 Bg4 5. Bg2 Nbd7 6. c4 e6 7. 0-0 a5 8. d3 Be7 9. Nbd2 a4 10. Bc3 0-0 11. b4 Bxf3 12. Nxf3 dxc4 13. dxc4 Ne4 14. Be1 Bf6 15. Rb1 Qe7 16. Qd3 Ng5 17. Nd2 h5 18. c5 Rfd8 19. Qc2 g6 20. Nc4 Nh7 21. Na5 Ne5 22. Bc3 Rxa5 23. bxa5 Qxc5 24. Rfc1 Ng4 25. Be1 Qa7 26. h3 Nh6 27. Qxa4 Nf5 28. e3 Ng5 29. Qb3 Nd6 30. Qb6 Qa8 31. h4 Nh7 32. a6 bxa6 33. Qxc6 Qa7 34. Qc7 Qxc7 35. Rxc7 Nb5 36. Rc6 Na3 37. Rbc1 Kg7 38. Rxa6 Bb2 39. Bc3+ Bxc3 40. Rxc3 Rd1+ 41. Kh2 Nb1 42. Rc2 Nd2 43. Rac6 Nf6 44. f3 Nd5 45. Rc1 Rxc1 46. Rxc1 Nxe3 47. a4 Nec4 48. Rc2 e5 49. a5 f5 50. a6 e4 51. fxe4 fxe4 52. Bxe4 1-0

[Event "Arandjelovac op 1st"]
[Site "Arandjelovac"]
[Date "2023.03.15"]
[Round "1"]
[White "Lazic, Miroljub"]
[Black "Jin, Yueheng"]
[Result "1/2-1/2"]
[WhiteElo "2305"]
[BlackElo "1977"]
[PlyCount "88"]
[EventDate "2023.03.15"]
[EventType "swiss"]
[EventRounds "9"]
[EventCountry "SRB"]
[SourceTitle "CBM 213 Extra"]
[Source "ChessBase"]
[SourceDate "2023.05.31"]
[SourceVersion "1"]
[SourceVersionDate "2023.05.31"]
[SourceQuality "1"]

1. Nf3 Nf6 2. g3 d5 3. Bg2 e6 4. c4 Be7 5. 0-0 0-0 6. b3 d4 7. Bb2 c5 8. b4 Re8 9. d3 Bf8 10. e3 e5 11. exd4 cxd4 12. Re1 Bxb4 13. Rxe5 Rxe5 14. Nxe5 Qd6 15. Nf3 Nc6 16. Nbd2 Bf5 17. Nb3 Bc3 18. Bxc3 dxc3 19. d4 Be4 20. Rc1 c2 21. Qd2 Rd8 22. d5 Nb4 23. Nfd4 Nxa2 24. Re1 Bxg2 25. Kxg2 c1Q 26. Nxc1 Nxc1 27. Qxc1 Re8 28. Rxe8+ Nxe8 29. Qe3 Qd7 30. Qe5 Kf8 31. c5 Nc7 32. d6 Ne6 33. Qf5 Ke8 34. Nxe6 fxe6 35. Qe4 a5 36. Kf3 a4 37. Qb4 Kf7 38. Ke3 g5 39. Qa5 e5 40. Kd2 Ke6 41. Kc3 Qc6 42. Kb4 Qe4+ 43. Ka3 Qc4 44. Qb4 Qc2 1/2-1/2

[Event "Bijeljina 1st"]
[Site "Bijeljina"]
[Date "2022.12.11"]
[Round "5"]
[White "Sedlak, Nikola"]
[Black "Lazic, Miroljub"]
[Result "1-0"]
[WhiteElo "2484"]
[BlackElo "2320"]
[PlyCount "55"]
[EventDate "2022.12.09"]
[EventType "tourn"]
[EventRounds "9"]
[EventCountry "BIH"]
[EventCategory "6"]
[SourceTitle "CBM 211 Extra"]
[Source "ChessBase"]
[SourceDate "2023.01.31"]
[SourceVersion "1"]
[SourceVersionDate "2023.01.31"]
[SourceQuality "1"]

1. Nf3 d5 2. g3 Bf5 3. Bg2 c6 4. 0-0 Nf6 5. d3 h6 6. c4 e6 7. Qb3 Qb6 8. Be3 Qxb3 9. axb3 a6 10. Bd2 Nbd7 11. b4 Be7 12. Bc3 0-0 13. Nbd2 Rfe8 14. Rfe1 Bh7 15. e4 dxe4 16. dxe4 e5 17. c5 Bd8 18. Nc4 Bc7 19. Nfd2 Nf8 20. Nb3 Rad8 21. Nba5 Bxa5 22. bxa5 Ne6 23. Nd6 Re7 24. b4 Nd4 25. Bxd4 exd4 26. Rad1 Ne8 27. Rxd4 Nc7 28. f4 1-0

[Event "BIH-chT 29th"]
[Site "Bihac"]
[Date "2022.08.25"]
[Round "5.1"]
[White "Alvir, Aco"]
[Black "Lazic, Miroljub"]
[Result "1/2-1/2"]
[WhiteElo "2333"]
[BlackElo "2300"]
[PlyCount "49"]
[EventDate "2022.08.23"]
[EventType "tourn"]
[EventRounds "9"]
[EventCountry "BIH"]
[SourceTitle "CBM 210 Extra"]
[Source "ChessBase"]
[SourceDate "2022.11.30"]
[SourceVersion "1"]
[SourceVersionDate "2022.11.30"]
[SourceQuality "1"]

1. e4 e5 2. Nf3 Nc6 3. Bb5 a6 4. Ba4 Nf6 5. 0-0 Be7 6. Re1 b5 7. Bb3 d6 8. c3 0-0 9. h3 Nb8 10. d4 Nbd7 11. Nbd2 Bb7 12. Bc2 Re8 13. Nf1 Bf8 14. Ng3 g6 15. a4 Bg7 16. Bg5 c5 17. d5 c4 18. Nh2 Qc7 19. Rf1 Nc5 20. Qd2 Nfd7 21. Ng4 f6 22. Nh6+ Kh8 23. Nf7+ Kg8 24. Nh6+ Kh8 25. Nf7+ 1/2-1/2

[Event "Novi Sad TS IM Mix 267th"]
[Site "Novi Sad"]
[Date "2022.06.02"]
[Round "6"]
[White "Lazic, Miroljub"]
[Black "Singh, Ojasva"]
[Result "0-1"]
[WhiteElo "2303"]
[BlackElo "2066"]
[PlyCount "54"]
[EventDate "2022.05.30"]
[EventType "tourn"]
[EventRounds "9"]
[EventCountry "SRB"]
[SourceTitle "EXT 2023"]
[Source "ChessBase"]
[SourceDate "2022.10.05"]
[SourceVersion "1"]
[SourceVersionDate "2022.10.05"]
[SourceQuality "1"]

1. g3 d5 2. Nf3 Nf6 3. Bg2 Bf5 4. 0-0 c6 5. d3 e6 6. Nbd2 h6 7. b3 Be7 8. Bb2 0-0 9. a3 a5 10. c4 Bh7 11. Ra2 Nbd7 12. Qa1 b5 13. Rc1 Qb6 14. Ne5 Nxe5 15. Bxe5 Bc5 16. Bxf6 Bxf2+ 17. Kh1 gxf6 18. Qxf6 Be3 19. Rac2 bxc4 20. bxc4 Qd8 21. Qf3 Qg5 22. Rd1 Rab8 23. Nf1 Bd4 24. h4 Qg7 25. cxd5 cxd5 26. Kh2 Rb3 27. a4 Ra3 0-1

[Event "Novi Sad TS Mix 263rd"]
[Site "Novi Sad"]
[Date "2022.05.27"]
[Round "7"]
[White "Lazic, Miroljub"]
[Black "Kovchan, Alexander"]
[Result "0-1"]
[WhiteElo "2303"]
[BlackElo "2527"]
[PlyCount "72"]
[EventDate "2022.05.23"]
[EventType "swiss"]
[EventRounds "9"]
[EventCountry "SRB"]
[SourceTitle "CBM 208 Extra"]
[Source "ChessBase"]
[SourceDate "2022.07.31"]
[SourceVersion "1"]
[SourceVersionDate "2022.07.31"]
[SourceQuality "1"]

1. Nf3 c5 2. g3 g6 3. Bg2 Bg7 4. c4 Nc6 5. 0-0 d6 6. Nc3 e6 7. e3 Nge7 8. a3 0-0 9. Rb1 b6 10. b4 Bb7 11. bxc5 dxc5 12. Qc2 Qd7 13. d3 Rad8 14. Rd1 h6 15. Bb2 g5 16. Ne2 e5 17. d4 exd4 18. exd4 Qf5 19. Qc1 Na5 20. d5 Ba6 21. Bxg7 Kxg7 22. Nd2 Nc8 23. h3 Qe5 24. Re1 Rfe8 25. g4 Nd6 26. Nf3 Qf6 27. Ng3 Rxe1+ 28. Qxe1 Kf8 29. Nh5 Qh8 30. Ne5 Naxc4 31. Nc6 Re8 32. Qc1 Bb7 33. Nxa7 Qd4 34. Nc6 Bxc6 35. dxc6 Nd2 36. Rxb6 Re2 0-1

[Event "ITA-chT Final 53rd"]
[Site "Montesilvano"]
[Date "2022.04.24"]
[Round "1.5"]
[White "Lazic, Miroljub"]
[Black "Kaczur, Florian"]
[Result "0-1"]
[WhiteElo "2304"]
[BlackElo "2475"]
[PlyCount "62"]
[EventDate "2022.04.24"]
[EventType "team-tourn"]
[EventRounds "4"]
[EventCountry "ITA"]
[SourceTitle "CBM 207 Extra"]
[Source "ChessBase"]
[SourceDate "2022.05.31"]
[SourceVersion "1"]
[SourceVersionDate "2022.05.31"]
[SourceQuality "1"]
[WhiteTeam "Milan Accademia"]
[BlackTeam "Bologna Le Due Torri"]
[WhiteTeamCountry "ITA"]
[BlackTeamCountry "ITA"]

1. Nf3 c5 2. b3 d5 3. e3 Nc6 4. Bb5 e6 5. 0-0 Nf6 6. c4 Be7 7. Bxc6+ bxc6 8. d3 Nd7 9. Nc3 Bb7 10. e4 0-0 11. Qe1 Kh8 12. Ba3 d4 13. Na4 e5 14. Rb1 a5 15. Bc1 Bd6 16. Bd2 Bc7 17. h3 Qf6 18. Nh2 h5 19. Qc1 Qg6 20. Qe1 f5 21. exf5 Rxf5 22. f3 Qd6 23. Qg3 Raf8 24. Rfe1 R8f6 25. Nf1 Rg6 26. Qf2 Bc8 27. Bc1 Rf7 28. Kh1 e4 29. dxe4 Ne5 30. Ba3 Bxh3 31. gxh3 Rxf3 0-1

[Event "ITA-chTB 53rd"]
[Site "Montesilvano"]
[Date "2022.04.22"]
[Round "6.1"]
[White "Lazic, Miroljub"]
[Black "Dardha, Daniel"]
[Result "0-1"]
[WhiteElo "2304"]
[BlackElo "2552"]
[PlyCount "54"]
[EventDate "2022.04.19"]
[EventType "team-tourn"]
[EventRounds "7"]
[EventCountry "ITA"]
[SourceTitle "CBM 207 Extra"]
[Source "ChessBase"]
[SourceDate "2022.05.31"]
[SourceVersion "1"]
[SourceVersionDate "2022.05.31"]
[SourceQuality "1"]
[WhiteTeam "Milan Accademia"]
[BlackTeam "Montebelluna Master"]
[WhiteTeamCountry "ITA"]
[BlackTeamCountry "ITA"]

1. Nf3 d5 2. g3 g6 3. Bg2 Bg7 4. 0-0 e5 5. d3 Nc6 6. c3 Nge7 7. e4 0-0 8. Nbd2 a5 9. Re1 a4 10. Rb1 d4 11. Qc2 Be6 12. b3 dxc3 13. Qxc3 axb3 14. axb3 Nd4 15. Nxd4 exd4 16. Qc2 Nc6 17. b4 Ra2 18. Qd1 Ne5 19. Nf3 Nxf3+ 20. Bxf3 Qd7 21. b5 Rfa8 22. Re2 R8a5 23. Rxa2 Bxa2 24. Rb2 Be6 25. b6 cxb6 26. Rxb6 Ra1 27. Qc2 Qc8 0-1

[Event "ITA-chTB 53rd"]
[Site "Montesilvano"]
[Date "2022.04.20"]
[Round "3.1"]
[White "Dervishi, Erald"]
[Black "Lazic, Miroljub"]
[Result "1-0"]
[WhiteElo "2511"]
[BlackElo "2304"]
[PlyCount "153"]
[EventDate "2022.04.19"]
[EventType "team-tourn"]
[EventRounds "7"]
[EventCountry "ITA"]
[SourceTitle "CBM 207 Extra"]
[Source "ChessBase"]
[SourceDate "2022.05.31"]
[SourceVersion "1"]
[SourceVersionDate "2022.05.31"]
[SourceQuality "1"]
[WhiteTeam "Marostica Pizzato Elettrica"]
[BlackTeam "Milan Accademia"]
[WhiteTeamCountry "ITA"]
[BlackTeamCountry "ITA"]

1. e4 e5 2. Nf3 Nc6 3. Bb5 a6 4. Ba4 Nf6 5. 0-0 Be7 6. Re1 b5 7. Bb3 d6 8. c3 0-0 9. h3 Re8 10. d4 Bf8 11. Nbd2 Bb7 12. a3 g6 13. Ba2 Bg7 14. b4 exd4 15. cxd4 a5 16. Qb3 Qd7 17. Bb2 axb4 18. axb4 Ra4 19. Bc3 Nd8 20. Bb1 Rxa1 21. Bxa1 Ne6 22. g3 h6 23. Bd3 Ng5 24. Nxg5 hxg5 25. Qc2 Nd5 26. Rb1 Nb6 27. d5 Bxa1 28. Rxa1 c6 29. dxc6 Bxc6 30. Rc1 Rc8 31. Qb2 d5 32. exd5 Nxd5 33. Be4 Nb6 34. Bxc6 Rxc6 35. Ne4 Rxc1+ 36. Qxc1 Qe7 37. Nxg5 Nd5 38. h4 Nxb4 39. Qc8+ Kg7 40. Qc3+ f6 41. Nf3 Nd5 42. Qd4 Nc7 43. h5 gxh5 44. Nh4 Kf7 45. Qd1 Ke8 46. Qxh5+ Kd7 47. Nf5 Qe5 48. Qg4 Kc6 49. Ne3 Qe6 50. Qf3+ Kb6 51. Qd1 b4 52. Qd4+ Kb5 53. Qd3+ Kb6 54. Nc4+ Kc5 55. Nd2 Nd5 56. Qc4+ Kb6 57. Qd4+ Kc7 58. Qa7+ Kd8 59. Nf3 Qd7 60. Qc5 Qb7 61. Nd4 Ne7 62. Qd6+ Ke8 63. Ne6 b3 64. Nc7+ Kf7 65. Qe6+ Kg6 66. Qxe7 b2 67. Qe8+ Kg7 68. Ne6+ Kh7 69. Qh5+ Kg8 70. Qg6+ Kh8 71. Qxf6+ Kg8 72. Qg6+ Kh8 73. Qb1 Qb3 74. Nd4 Qc3 75. Ne2 Qd2 76. Kf1 Kg7 77. f4 1-0

[Event "Jelah Schev"]
[Site "Jelah"]
[Date "2022.03.26"]
[Round "7.2"]
[White "Lazic, Miroljub"]
[Black "Mesic, Ismet"]
[Result "1/2-1/2"]
[WhiteElo "2310"]
[BlackElo "2161"]
[PlyCount "43"]
[EventDate "2022.03.23"]
[EventType "schev"]
[EventRounds "10"]
[EventCountry "BIH"]
[SourceTitle "EXT 2023"]
[Source "ChessBase"]
[SourceDate "2022.10.05"]
[SourceVersion "1"]
[SourceVersionDate "2022.10.05"]
[SourceQuality "1"]
[WhiteTeam "Seniors"]
[BlackTeam "Kadets"]
[WhiteTeamCountry "SRB"]
[BlackTeamCountry "SRB"]

1. g3 Nf6 2. Bg2 d5 3. Nf3 Bf5 4. 0-0 h6 5. d3 e6 6. b3 Be7 7. Bb2 0-0 8. Nbd2 Bh7 9. Re1 c5 10. Ne5 Nbd7 11. Nxd7 Nxd7 12. c4 Bf6 13. Qc2 Bxb2 14. Qxb2 Nf6 15. b4 cxb4 16. Qxb4 b6 17. cxd5 Nxd5 18. Qa3 Qd7 19. Rec1 Rac8 20. Nc4 f6 21. Qd6 Rcd8 22. Qxd7 1/2-1/2